000
00322 a2200157 4500
001
187959
020
_a
85-305-0461-5
040
_c
Magnum
100
_a
Galdino, Luiz
240
1
0
_a
As cruzadas
_l
por
245
1
0
_a
As cruzadas
300
_a
80
362
0
_a
2006
697
_a
LITERATURA INFANTO-JUVENIL
942
_c
BK
999
_c
187959
_d
187959